Erase una vez fray Antonio (Record no. 24799)

MARC details
000 -LEADER
campo de control de longitud fija 00570nam a2200169 i 4500
001 - NÚMERO DE CONTROL
campo de control 24799
003 - IDENTIFICADOR DE NÚMERO DE CONTROL
campo de control ES-MaACL
005 - FECHA Y HORA DE LA ÚLTIMA TRANSACCIÓN
campo de control 20230906153131.0
007 - CAMPO FIJO DE DESCRIPCIÓN FÍSICA--INFORMACIÓN GENERAL
campo de control de longitud fija t|
008 - DATOS DE LONGITUD FIJA--INFORMACIÓN GENERAL
campo de control de longitud fija 021218s1963 sp ||||1| spa d
100 1# - ENTRADA PRINCIPAL--NOMBRE DE PERSONA
Nombre de persona Aoiz, Damián de.
9 (RLIN) 22028
245 10 - MENCIÓN DEL TÍTULO
Título Erase una vez fray Antonio
Resto del título : romancero franciscano /
Mención de responsabilidad, etc. Damián de Aoiz ; dibujos de Easo P. Juan José de San Sebastián.
260 ## - PUBLICACIÓN, DISTRIBUCIÓN, ETC.
Lugar de publicación, distribución, etc. [Zaragoza :
Nombre del editor, distribuidor, etc. s.n.,
Fecha de publicación, distribución, etc. 1963] (
Fabricante Imp. Tip. Línea)
300 ## - DESCRIPCIÓN FÍSICA
Extensión 114 p. ;
Dimensiones 24 cm.
700 1# - ENTRADA AGREGADA--NOMBRE PERSONAL
Nombre de persona San Sebastián, Juan José de.
9 (RLIN) 102308
852 ## - LOCALIZACIÓN
Ubicación ES-MaACL
Número de control de estantería C-25360
Sublocalización o colección R.53858
Holdings
Estatus retirado Estado de pérdida Estado de daño No para préstamo Biblioteca de origen Biblioteca actual Ubicación en estantería Fecha de adquisición Fuente de adquisición Total de préstamos Signatura topográfica completa Código de barras Visto por última vez Precio de reemplazo Tipo de ítem Koha
        Biblioteca del Ateneo de Madrid Biblioteca del Ateneo de Madrid Depósito 2 17/01/2008     C-25360 1025568 23/02/2023 23/02/2023 Libro impreso